Statistics for Former Names of Places #4

Click here to take the quiz!

General Stats

  • This quiz has been taken 56 times
    (18 since last reset)
  • The average score is 13 of 18

Answer Stats

Former name Current name % Correct
CalcuttaKolkata
100%
SwazilandEswatini
100%
ConstantinopleIstanbul
100%
East BengalBangladesh
94%
Dutch GuianaSuriname
94%
RangoonYangon
88%
PetrogradSt. Petersburg
88%
Southern RhodesiaZimbabwe
88%
French SomalilandDjibouti
81%
LeopoldvilleKinshasa
81%
Spanish East IndiesPhilippines
69%
KristianiaOslo
63%
French SudanMali
63%
Spanish SaharaWestern Sahara
63%
BataviaJakarta
50%
Ellice IslandsTuvalu
25%
WilnoVilnius
25%
√ČlisabethvilleLubumbashi
6%

Score Distribution

Percentile by Number Answered

Percent of People with Each Score

Your Score History

You have not taken this quiz since the last reset